LEADER 01081nam a2200253 u 4500 001 000000028354 003 CaOOAMICUS 005 20070226111807.0 008 960620s1964 it u000 u lat u 035 $a10734483 040 $aPUL$bita 100 1 $aStaffa, Dino,$ccard.,$d1906-1977.$0(OLS)http://pul/name/11569 245 10$aDe collegiali episcopatus ratione /$cDinus Staffa. 260 $aRoma :$b[s. n.],$c1964. 300 $a32 p. ;$c25 cm 504 $aBibliografia in nota. 650 4$aCollegio episcopale.$0(OLS)http://pul/subject/9520 850 $aPUL 852 $aPUL$W1$xDP1 Fondo Maccarrone$y58$m1506 A 19$j39377$nBK-PRI$b $qFondi$B39377$CPULBib$Z2$F39377 $H $81 852 $aPUL$W1$xDP1 Fondo Cecchetti$y53$m266 F 64$j39378$nBK-PRI$b $qFondi$B39378$CPULBib$Z2$F39378 $HPUL9045 $81 941 1 $a1 961 $aINV: 01698 -- Fondo Mons. M. Maccarrone 996 $6245$aDe collegiali episcopatus ratione$9(OLS)http://pul/title/38719 996 $6260$aRoma :$b[s. n.]$9(OLS)http://pul/publisher/60087 LEADER 01457nam a2200313 a 4500 001 000000108420 003 CaOOAMICUS 005 20071126095521.0 008 071126s2007 it 010 u ita d 020 $z978-88-10-40584-0* 040 $aPUL$bita$dLDB 100 1 $aTangorra, Giovanni,$csac.$0(OLS)http://pul/name/39773 245 13$aLa Chiesa secondo il Concilio /$cGiovanni Tangorra. 260 $aBologna :$bEdizioni Dehoniane,$cc2007. 300 $a340 p. ;$c22 cm. 490 1 $aNuovi saggi teologici ;$v073 504 $aContiene riferimenti bibliografici 611 24$aConcilium Vaticanum$n(2 :$d1962-1965).$0(OLS)http://pul/subject/71 650 14$aChiesa cattolica$ySec. XX.$0(OLS)http://pul/subject/20103 830 0$aNuovi saggi teologici ;$v073.$0(OLS)http://pul/title/131917 850 $aPUL 852 $aPUL$W1$xSL Religione 3$y85$m262 TANGI 1$j123559$qDDC 21$q $B122500$CPULBib$Z2$F122500 $H105649 $81 852 $aPUL$W1$xSL Religione 3$y85$m230 COLL 5.1.73$j190622$bRist. del 2012$qDDC 21$B193521$CPULBib$Z2$F193521 $H130511 $81 941 1 $a9 960 $aConcilio Vaticano II (1962-1965)$971 983 0$aCollana Nuovi saggi teologici. 996 $6020$z978-88-10-40584-0*$9(OLS)http://pul/number/136343 996 $6245$aLa Chiesa secondo il Concilio$9(OLS)http://pul/title/136430 996 $6260$aBologna :$bEdizioni Dehoniane$9(OLS)http://pul/publisher/48070